Normal view
MARC view
Entry Geographic Name
001 - CONTROL NUMBER
- control field: 7505
003 - CONTROL NUMBER IDENTIFIER
- control field: OSt
005 - DATE AND TIME OF LATEST TRANSACTION
- control field: 20160330185912.0
008 - FIXED-LENGTH DATA ELEMENTS
- fixed length control field: 160330|| aca||aabn | a|a d
040 ## - CATALOGING SOURCE
- Original cataloging agency: OSt
- Transcribing agency: OSt
151 ## - HEADING--GEOGRAPHIC NAME
- Geographic name: Northern Ireland
- General subdivision: Politics and government.
670 ## - SOURCE DATA FOUND
- Source citation: Work cat.: (OSt)3353: Sales, Rosemary, 1947- 7500, Women divided :, 1997.
